Spon's estimating costs guide to electrical works (Record no. 110479)

MARC details
000 -LEADER
fixed length control field 01253cam a22002775a 4500
001 - CONTROL NUMBER
control field L149389
008 - FIXED-LENGTH DATA ELEMENTS--GENERAL INFORMATION
fixed length control field 100301s2009 xxk f 001 0 eng d
020 ## - INTERNATIONAL STANDARD BOOK NUMBER
International Standard Book Number 9780415469043
035 ## - SYSTEM CONTROL NUMBER
System control number (Sirsi) u149389
041 0# - LANGUAGE CODE
Language code of text/sound track or separate title eng
050 04 - LIBRARY OF CONGRESS CALL NUMBER
Classification number 692.5 $1 8
100 1# - MAIN ENTRY--PERSONAL NAME
Personal name Spain, Bryan
245 00 - TITLE STATEMENT
Title Spon's estimating costs guide to electrical works
Remainder of title unit rates and project costs
250 ## - EDITION STATEMENT
Edition statement 4th ed.
260 ## - PUBLICATION, DISTRIBUTION, ETC.
Place of publication, distribution, etc. Wiltshire
Name of publisher, distributor, etc. Taylor and Francis
Date of publication, distribution, etc. 2009
300 ## - PHYSICAL DESCRIPTION
Extent x, 286p.
Dimensions 22cm.
350 ## - PRICE (NR) (BK AM CF MU VM SE) [OBSOLETE]
Price 29.99
505 2# - FORMATTED CONTENTS NOTE
Formatted contents note Introduction -- Part one: unit rates -- Part two: project costs -- Part three: business matters -- Part four: general construction data.
520 ## - SUMMARY, ETC.
Summary, etc. This book is written for contractors and small businesses carrying out small works. It provides unit rates for items with costed examples of new electrical work. Includes information and rates broken down into labour, material overheads and profit for residential, retail and light industrial premises. Gives advice on setting up and running a business, taxation, VAT and book- keeping.
520 ## - SUMMARY, ETC.
Summary, etc. Supersedes third edition (ISBN 0415386144)
521 ## - TARGET AUDIENCE NOTE
Target audience note Advanced
651 #4 - SUBJECT ADDED ENTRY--GEOGRAPHIC NAME
Geographic name United Kingdom
Chronological subdivision
690 ## - LOCAL SUBJECT ADDED ENTRY--TOPICAL TERM (OCLC, RLIN)
Topical term or geographic name as entry element BUILT ENVIRONMENT-BUILDING COSTS
942 ## - ADDED ENTRY ELEMENTS (KOHA)
Suppress in OPAC 0
Holdings
Withdrawn status Lost status Source of classification or shelving scheme Damaged status Not for loan Home library Current library Shelving location Date acquired Cost, normal purchase price Total Checkouts Full call number Barcode Date last seen Copy number Cost, replacement price Price effective from Koha item type
    Dewey Decimal Classification     London London Books 15/03/2010 29.99   692.5 SPA 30075398 06/08/2019 1 29.99 06/08/2019 Book